Causa contra Trinidad Alted Fornet, Emiliano Iglesias Ambrosio, Luis Zurdo de Olivares y Juana Ardiaca Mas por el delito de rebelión militar (Record no. 184978)

MARC details
000 -LEADER
campo de control de longitud fija 00703nam a2200157 i 4500
001 - NÚMERO DE CONTROL
campo de control 184978
003 - IDENTIFICADOR DE NÚMERO DE CONTROL
campo de control ES-MaACL
005 - FECHA Y HORA DE LA ÚLTIMA TRANSACCIÓN
campo de control 20230906222326.0
008 - DATOS DE LONGITUD FIJA--INFORMACIÓN GENERAL
campo de control de longitud fija 160301s1911 sp |||| | spa d
245 00 - MENCIÓN DEL TÍTULO
Título Causa contra Trinidad Alted Fornet, Emiliano Iglesias Ambrosio, Luis Zurdo de Olivares y Juana Ardiaca Mas por el delito de rebelión militar
Resto del título : ocurrio el hecho desde el 26 al 31 de Julio de 1909....
260 ## - PUBLICACIÓN, DISTRIBUCIÓN, ETC.
Lugar de publicación, distribución, etc. Madrid :
Nombre del editor, distribuidor, etc. Sucesores de J.A. Garcia,
Fecha de publicación, distribución, etc. 1911.
300 ## - DESCRIPCIÓN FÍSICA
Extensión 2 v. ;
Dimensiones 29 cm.
594 ## - Nota al título y mención de responsabilidad
Nota al título y mención de responsabilidad Precede al tít.: Plaza de Barcelona. Año 1909. Zona de Reclutamiento y Reserva de Barcelona número 27.
650 #4 - PUNTO DE ACCESO ADICIONAL DE MATERIA--TÉRMINO DE MATERIA
Término de materia o nombre geográfico como elemento de entrada Procesos-
Subdivisión geográfica España-
Subdivisión cronológica 1902-1931.
9 (RLIN) 158909
852 ## - LOCALIZACIÓN
Ubicación ES-MaACL
Número de control de estantería G-3914-15
Holdings
Estatus retirado Estado de pérdida Estado de daño No para préstamo Biblioteca de origen Biblioteca actual Ubicación en estantería Fecha de adquisición Fuente de adquisición Total de préstamos Signatura topográfica completa Código de barras Visto por última vez Precio de reemplazo Tipo de ítem Koha
        Biblioteca del Ateneo de Madrid Biblioteca del Ateneo de Madrid Depósito 2 01/03/2016     G-3914-15 1194832 23/02/2023 23/02/2023 Libro impreso